Statistiken für Länder in der Nähe von Tansania

Klicken Sie hier um das Quiz zu spielen!

Allgemein

  • Dieses Quiz wurde 101 mal gespielt
  • Das Durchschnittsergebnis liegt bei 17 aus 20

Antwortstatistiken

kmLand% Korrekt
0Uganda
99%
0Kenia
97%
0Mosambik
97%
0Burundi
95%
0Ruanda
94%
649Äthiopien
92%
0Sambia
92%
497Südsudan
90%
425Somalia
89%
0Malawi
85%
611Simbabwe
85%
1201Sudan
85%
1207Botswana
84%
770Madagaskar
77%
755Zentralafrikanische
Republik
77%
810Angola
71%
327Komoren
68%
1201Namibia
67%
640Seychellen
59%
0Dem Rep Kongo
56%

Verteilung der Resultate

Perzentil nach korrekt beantworteten Fragen

Anzahl Personen mit jedem Resultat

Ihre Resultats-Entwicklung

Sie haben dieses Quiz noch nicht gespielt